Informe sobre la situación de los derechos humanos en Haití
Uloženo v:
| Korporace: | , |
|---|---|
| Médium: | Kniha |
| Jazyk: | španělština |
| Vydáno: |
Washington, D.C
Secretariado General OEA
1994
|
| Témata: | |
| Tagy: |
Přidat tag
Žádné tagy, Buďte první, kdo vytvoří štítek k tomuto záznamu!
|
MARC
| LEADER | 00000nam a2200000 a 4500 | ||
|---|---|---|---|
| 001 | UCR3230 | ||
| 003 | CL-VaPUC | ||
| 008 | 980124e19940211US |||||||||||||||||spa|d | ||
| 082 | 0 | 4 | |a 323.4 |b OEA |2 21 |
| 110 | 2 | |a OEA |e author |9 402128 | |
| 710 | 2 | |a Organización de Estados Americanos |e author |9 402129 | |
| 245 | 1 | 0 | |a Informe sobre la situación de los derechos humanos en Haití |
| 300 | |a 173 p | ||
| 942 | |c BK | ||
| 945 | |d 19980124 00:00:00 |a crobeson | ||
| 260 | |a Washington, D.C |b Secretariado General OEA |c 1994 | ||
| 600 | 0 | 7 | |a OEA |2 CL-VaPUC |9 402128 |
| 600 | 0 | 7 | |a COMISION INTERAMERICANA SOBRE DERECHOS HUMANOS |2 CL-VaPUC |9 259252 |
| 650 | 0 | |a Derechos humanos |9 223025 | |
| 650 | 0 | |a Derechos civiles y políticos |9 338684 | |
| 650 | 0 | |a Violaciones de los derechos humanos |9 338464 | |
| 650 | 0 | |a Administración pública |z Haití |9 402130 | |
| 650 | 0 | |a Derecho constitucional |9 222588 | |
| 651 | 7 | |a HAITI |2 CL-VaPUC |9 255724 | |
| 583 | |a last modification |c 20131001 12:36:55 |k Rodrigo Vera | ||
| 999 | |c 266326 |d 266324 | ||
| 952 | |0 0 |1 0 |4 0 |6 323_400000000000000_OEA_1994 |7 0 |8 A |9 297788 |a BIBDER |b BIBDER |d 2019-11-20 |i 1941860 |o 323.4 OEA 1994 |p 1941860 |r 2023-01-25 |w 2019-11-20 |y BK |k DER | ||